Vplyv globalizácie na vnútroobchodnú politiku krajín Vyšehradskej skupiny

Objasnenie niektorých problémov teórie a praxe vnútroobchodnej politiky v tranzitívnych ekonomikách. Procesy globalizácie a obchod so spotrebným tovarom na vnútornom trhu. Vnútroobchodná politika tranzitívnych ekonomík (Česko, Maďarsko, Poľsko, Slovensko).

Salvato in:
Dettagli Bibliografici
Autore principale: Viestová, Kristína
Altri autori: Štofilová, Jana, Oreský, Milan, 1956-
Natura: Capitolo di libro
Lingua:slovacco
Soggetti:
Tags: Aggiungi Tag
Nessun Tag, puoi essere il primo ad aggiungerne!!

MARC

LEADER 00000naa$a2200000$$$4500
001 0011300
005 20240502071356.4
041 0 |a slo 
044 |a SK 
245 1 0 |a Vplyv globalizácie na vnútroobchodnú politiku krajín Vyšehradskej skupiny  |c aut. Kristína Viestová, Jana Štofilová, Milan Oreský 
520 |a Objasnenie niektorých problémov teórie a praxe vnútroobchodnej politiky v tranzitívnych ekonomikách. Procesy globalizácie a obchod so spotrebným tovarom na vnútornom trhu. Vnútroobchodná politika tranzitívnych ekonomík (Česko, Maďarsko, Poľsko, Slovensko). 
610 2 0 |a globalizácia hospodárstva 
610 2 0 |a politika obchodná 
610 2 0 |a obchod vnútorný 
610 2 0 |a tovar spotrebný 
610 2 0 |a Vyšehradská štvorka 
100 1 |a Viestová, Kristína 
700 1 |a Štofilová, Jana 
700 1 |a Oreský, Milan, 1956-